| 000 | 00453nam a22001457a 4500 | ||
|---|---|---|---|
| 999 |
_c8011 _d8011 |
||
| 003 | OSt | ||
| 005 | 20200617125405.0 | ||
| 008 | 200617b ||||| |||| 00| 0 eng d | ||
| 020 | _a9781864705935 | ||
| 082 |
_a720.483 _bWOO |
||
| 100 | _a Wood, Antony, Payam Bahrami & Daniel Safarik | ||
| 245 | _aGreen walls in high-rise buildings : an output of the CTBUH Sustainability Working Group | ||
| 260 |
_aAsia _bThe Images Publishing Group _c2014 |
||
| 942 | _2ddc | ||